''Hürriyet''i beklerken (Record no. 855)

MARC details
000 -BAŞLIK
Sabit Uzunlukta Kontrol Alanı 00990na a2200313 4500
001 - KONTROL NUMARASI
Denetim Alanı 23043
003 - KONTROL NUMARASI IDENTIFIER
Denetim Alanı MIRAKIL
005 - SON İŞLEM TARİHİ VE ZAMANI
Denetim Alanı 20181213154803.0
008 - SABİT-BOY VERİ ELEMANLARI - GENEL BİLGİLER
Sabit Uzunlukta Kontrol Alanı 170515b tu 000 0
020 ## - ULUSLARARASI STANDART KİTAP NUMARASI
Uluslararası Standart Kitap Numarası 9786053991588
035 ## - SİSTEM KONTROL NUMARASI
Sistem Kontrol Numarası 23043
040 ## - KATALOGLAMA KAYNAK
Orijinal Kataloglama Ajansı Milas
Kataloglama Dili tur
Metne Dönüştürmek Ajansı TR-AnCHP
041 ## - DİL KODU
Metin / Ses Parça Veya Ayrı Başlığın Dil Kodu tur
082 ## - DEWEY ONLU SINIFLANDIRMA NUMARASI
Sınıflandırma Numarası 079.9561
Ürün Numarası K61h 2010
090 ## - SINIFLAMA NUMARASI
Sınıflama Numarası 079.9561 K61h 2010
100 ## - ANA GİRİŞ - KİŞİSEL İSİM
Kişisel Ad Kocabaşoğlu, Uğur
245 ## - BAŞLIK TABLOSU
Başlık 'Hürriyet'i beklerken
Başlığın Kalan İkinci meşrutiyet basını
Sorumluluk Tablosu, Vb Uğur Kocabaşoğlu
246 ## - UNVAN FORM VARYING
Başlık Doğru / Kısa Başlığı İkinci meşrutiyet basını
260 ## - YAYIN, DAĞITIM, VB
Yayın, Dağıtım, Vb Yeri İstanbul
Yayıncı, Dağıtıcı, Vs Adı İstanbul Bilgi Üniversitesi
Yayın, Dağıtım, Vb Tarihi 2010
Üretici Firma sena ofset
300 ## - FİZİKSEL TANIM
Kapsam 186 s.
Diğer Fiziksel Ayrıntıları fotğ.
Boyutlar 23 sm.
440 ## - SERİSİ TABLOSU / KATMA GİRİŞİ - BAŞLIK
Başlık İstanbul Bilgi Üniversitesi yayınları
Bir İşin Parçası / Bölüm Sayısı 308
490 ## - SERİSİ TABLOSU
Seri Beyanı Tarih
Hacim / Ardışık Tanımı 36
504 ## - KAYNAKÇA VB NOT
Kaynakça Vb Notu Kaynakça ve dizin var.
650 ## - KONU KATMA GİRİŞ - TOPİKAL DÖNEM
Topikal Süreli Veya Coğrafi Ad Giriş Elemanı Türkiye
Genel Alt Bölümü Siyaset ve hükümet
Kronolojik Alt Bölümü 1878-1909
650 ## - KONU KATMA GİRİŞ - TOPİKAL DÖNEM
Topikal Süreli Veya Coğrafi Ad Giriş Elemanı Basın
Genel Alt Bölümü Türkiye
Kronolojik Alt Bölümü Tarih
650 ## - KONU KATMA GİRİŞ - TOPİKAL DÖNEM
Topikal Süreli Veya Coğrafi Ad Giriş Elemanı Türk gazeteleri
Genel Alt Bölümü Tarih
Kronolojik Alt Bölümü 20. yüzyıl
740 ## - KATMA GİRİŞ - KONTROLSUZ İLGİLİ / ANALİTİK BAŞLIK
Kontrol Edilmeyen / İlgili Analitik Başlıktaki İkinci meşrutiyet basını
942 ## - EKLENDİ GİRİŞ ELEMANLARI (KOHA)
Sınıflandırma Veya Raf Düzeni Kaynak Dewey Decimal Classification
Koha Öğesi Türü Books
999 ## - SİSTEM KONTROL NUMARALARI (KOHA)
Koha Biblionumber 855
Koha Biblioitemnumber 855
Holdings
Kalıcı Konum Mevcut Konum Edinme Tarihi Edinim Kaynak Toplam Check-Out'Lar Tam Çağrı Numarası Barkod Tarih Son Görülme İtibaren Geçerli Fiyatlar Koha Öğesi Türü
CHP Kütüphanesi CHP Kütüphanesi 05/15/2017 Bağış   079.9561 K61h 2010 017003 05/15/2017 05/15/2017 Books